La vida turbulenta de Quevedo
I tiakina i:
| Kaituhi matua: | |
|---|---|
| Hōputu: | Pukapuka |
| Reo: | Pāniora |
| I whakaputaina: |
Madrid
Gran Capitán
1945
|
| Ngā marau: | |
| Ngā Tūtohu: |
Tāpirihia he Tūtohu
Kāore He Tūtohu, Me noho koe te mea tuatahi ki te tūtohu i tēnei pūkete!
|
MARC
| LEADER | 00000nam a2200000 a 4500 | ||
|---|---|---|---|
| 001 | UCS5225 | ||
| 003 | CL-VaPUC | ||
| 008 | 970830e19450000SP |||||||||||||||||spa|d | ||
| 082 | 0 | 4 | |a 860.9 |b AST |2 21 |
| 100 | 0 | |a Astrana Marín, Luis |e author |9 391076 | |
| 245 | 1 | 3 | |a La vida turbulenta de Quevedo |
| 300 | |a 622 p | ||
| 942 | |c BK | ||
| 945 | |d 19970830 00:00:00 |a jquezada | ||
| 260 | |a Madrid |b Gran Capitán |c 1945 | ||
| 600 | 0 | 7 | |a QUEVEDO, FRANCISCO DE |2 CL-VaPUC |9 254892 |
| 650 | 0 | |a Literatura española |9 306261 | |
| 650 | 0 | |a Historia y crítica |9 257407 | |
| 650 | 0 | |a Escritores españoles |9 318145 | |
| 650 | 0 | |a Humanismo |9 256530 | |
| 650 | 0 | |a Poesías españolas |9 265100 | |
| 583 | |a last modification |c 19970830 00:00:00 |k Rodrigo Vera | ||
| 999 | |c 261843 |d 261841 | ||
| 952 | |0 0 |1 0 |4 0 |6 860_900000000000000_AST_1945 |7 0 |8 A |9 289694 |a BIBEDU |b BIBEDU |d 2019-11-19 |i 3304531 |l 1 |m 1 |o 860.9 AST 1945 |p 3304531 |r 2022-05-31 |s 2022-05-23 |w 2019-11-19 |y BK |k LIT | ||